ბათუმის შოთა რუსთაველის სახელმწიფო უნივერსიტეტის ბიბლიოთეკა

ეთნოგრაფიული წერილები. (ბიბ.ჩანაწერი № 41756)

000 -LEADER
fixed length control field 00865nam a2200217Ia 4500
001 - CONTROL NUMBER
control field 8437
003 - CONTROL NUMBER IDENTIFIER
control field GE_BSU
008 - FIXED-LENGTH DATA ELEMENTS--GENERAL INFORMATION
fixed length control field 181216s||||||||xx |||||||||||||| ||und||
040 ## - CATALOGING SOURCE
Transcribing agency GE_BSU
080 ## - UNIVERSAL DECIMAL CLASSIFICATION NUMBER
Universal Decimal Classification number 39(=353.1)+821.353.1-1
100 ## - MAIN ENTRY--PERSONAL NAME
Personal name ვაჟა-ფშაველა
245 ## - TITLE STATEMENT
Title ეთნოგრაფიული წერილები.
245 ## - TITLE STATEMENT
Statement of responsibility, etc. რედ. და წინასიტყვ. ავტ.:გერონტი ქიქოძე.
250 ## - EDITION STATEMENT
Edition statement სსრკ მეცნ. აკადემია– საქ. ფილიალი
260 ## - PUBLICATION, DISTRIBUTION, ETC.
Place of publication, distribution, etc. თბილისი.
260 ## - PUBLICATION, DISTRIBUTION, ETC.
Name of publisher, distributor, etc. სსრკ მეცნ. აკად. საქ. ფილიალის გამ–ბა
260 ## - PUBLICATION, DISTRIBUTION, ETC.
Date of publication, distribution, etc. 1937
300 ## - PHYSICAL DESCRIPTION
Extent 193 გვ; 21 სმ.
653 ## - INDEX TERM--UNCONTROLLED
Uncontrolled term ეთნოგრაფიული წერილები.
942 ## - ADDED ENTRY ELEMENTS (KOHA)
Koha item type წიგნი
ეგზემპლარები
Withdrawn status Lost status Damaged status Not for loan Date acquired Barcode Date last seen Price effective from Koha item type
        2018-12-17 30542 2018-12-17 2018-12-17 წიგნი
        2018-12-17 30543 2018-12-17 2018-12-17 წიგნი
        2018-12-17 30544 2018-12-17 2018-12-17 წიგნი
        2018-12-17 30545 2018-12-17 2018-12-17 წიგნი
        2018-12-17 30546 2018-12-17 2018-12-17 წიგნი